000 00649nam a2200229Ia 4500
003 OSt
005 20220924122623.0
006 a|||||r|||| 00| 0
007 ta
008 220923b |||||||| |||| 00| 0 pur d
024 _a269551
037 _cTextual
040 _aARTS
_cARTS
_bpur
041 _2pur
_apur
082 _aO164vN, 168L7
100 _aKhan Mohammad Atif
_9190120
245 0 _aMukhtasar tarikh adabiyat e Farasi
260 _aLucknow
_bAnjuman Tarraqi Farsi Hind India
_c1977
650 _aPERSIAN LITERATURE
_9309
942 _hO164vN, 168L7
_cTEXL
_2CC
999 _c412379
_d412379